000 00289nam a22001097a 4500
082 _a005.13 JAM
100 _aJAMES, MIKES
_960805
245 _aFOUNDATIONS OF PROGRAMMING ,PHILOSOPHY METHODS AND STRUCTURES
260 _aNEW DELHI
_bBPB PUBLICATIONS
_c1991
300 _a 136P
942 _cBK
999 _c570439
_d570439